| 000 | 01020cam a2200301 i 4500 | ||
|---|---|---|---|
| 001 | 200464635 | ||
| 003 | TR-AnTOB | ||
| 005 | 20250624092207.0 | ||
| 007 | ta | ||
| 008 | 170217m20212020tu a j 000 j tur u | ||
| 020 | _a9786052987254 | ||
| 040 |
_aTR-AnTOB _beng _erda _cTR-AnTOB |
||
| 041 | 0 | _atur | |
| 050 | 1 | 4 | _aPL248.E462 |
| 090 |
_aJUN PL248.E462 _bG5 2021 |
||
| 100 | 1 |
_aEkmekçioğlu, Demet _eauthor _9144403 |
|
| 245 | 1 | 0 |
_aGizemli tarih oyunu 2.0: _bGöbeklitepe'nin kayıp heykeli / _cDemet Ekmekçioğlu ; resimleyen: Deniz Avcıer. |
| 250 | _aÜçüncü basım: Haziran 2021 | ||
| 264 | 1 |
_aİstanbul : _bKırmızı Kedi Çocuk, _c2021. |
|
| 300 |
_a112 pages : _billustrations ; _c21 cm |
||
| 336 |
_atext _btxt _2rdacontent |
||
| 337 |
_aunmediated _bn _2rdamedia |
||
| 338 |
_avolume _bnc _2rdacarrier |
||
| 490 | 0 |
_aKırmızı kedi yayınevi ; _v1320 _aÇocuk ve genölik kitapları ; _v328 |
|
| 700 | 1 |
_aAvcıer, Deniz, _d1995- _eillustrator _9149009 |
|
| 942 |
_2lcc _cBK |
||
| 999 |
_c200464635 _d82847 |
||